Statistics for TriSaraDawn's Crossfit Challenge

Click here to take the quiz!

General Stats

  • This quiz has been taken 93 times
  • The average score is 7 of 15

Answer Stats

HintAnswer% Correct
The "CrossFit Games" have been held every summer since what year?2007
89%
Which state is the original CrossFit gym located?California
77%
^^ continued...Olympic weight lifting
75%
What year did the "CrossFit Games" adapt an online model, where users can submit a video of their performance to move on to the next round of the challente?2011
69%
^ continued...gymnastics
69%
What year was it founded?2000
67%
Who founded CrossFit?Greg Glassman
60%
There are approximately _____ thousand CrossFit affiliate gyms as of 2014seven
48%
and women...12
42%
A 2013 study by the University of Wisconsin-La Crosse's exercise physiology program monitored 16 healthy and fit volunteers as they completed two separate CrossFit WODs. They found that the men burned nearly __ calories per minute21
42%
On June 4, 2014, CrossFit underwent some controversy because they uploaded a "parody video to their Facebook page" made by The Kloons, which included a portrayal of _____, and featured concepts such as the "Holy Trinity of exercise"Jesus
31%
Can you name the city in which the gym is located?Santa Cruz
15%
Where was the first affiliated gym, CrossFit North opened?Seattle
14%
A 2010 U.S. Army study conducted during a six-week period produced an average power output increase of__% among participants (spell it out)twenty
11%
CrossFit is a strength and conditioning program consisting mainly of what three activities?... (next three answers)aerobic exercise
10%

Score Distribution

Percentile by Number Answered

Percent of People with Each Score

Your Score History

You have not taken this quiz